000 00545nam a2200193Ia 4500
008 151121s9999||||xx |||||||||||||| ||und||
082 _a813/ बापट
082 _bHNW-74945
100 _aबापट मुकुंद
245 _aजीवन
260 _b"सूर्याक्षर विविधा, पुणे"
260 _c--
300 _a190
600 _aबापट मुकुंद
630 _aजीवन
700 _aबापट मुकुंद
730 _aजीवन
942 _cBOOK
999 _c1256390
_d1256387